Theory & design of switching circuits / (Record no. 182428)
[ view plain ]
| 000 -LEADER | |
|---|---|
| fixed length control field | 01012 a2200217 4500 |
| 003 - CONTROL NUMBER IDENTIFIER | |
| control field | Nust |
| 005 - DATE AND TIME OF LATEST TRANSACTION | |
| control field | 20221206104334.0 |
| 010 ## - LIBRARY OF CONGRESS CONTROL NUMBER | |
| LC control number | 75015888 |
| 020 ## - INTERNATIONAL STANDARD BOOK NUMBER | |
| International Standard Book Number | 0914894528 : |
| 040 ## - CATALOGING SOURCE | |
| Transcribing agency | Nust |
| 082 00 - DEWEY DECIMAL CLASSIFICATION NUMBER | |
| Classification number | 621.381537,FRI |
| 100 1# - MAIN ENTRY--PERSONAL NAME | |
| Personal name | Friedman, Arthur D. |
| 9 (RLIN) | 104193 |
| 245 10 - TITLE STATEMENT | |
| Title | Theory & design of switching circuits / |
| Statement of responsibility, etc. | Arthur D. Friedman, Premachandran R. Menon. |
| 260 ## - PUBLICATION, DISTRIBUTION, ETC. | |
| Place of publication, distribution, etc. | Woodland Hills, Calif. : |
| Name of publisher, distributor, etc. | Computer Science Press, |
| Date of publication, distribution, etc. | [1975] |
| 300 ## - PHYSICAL DESCRIPTION | |
| Extent | xii, 581 p. : |
| Other physical details | ill. ; |
| Dimensions | 24 cm. |
| 440 #0 - SERIES STATEMENT/ADDED ENTRY--TITLE | |
| Title | Digital system design series |
| 9 (RLIN) | 93881 |
| 505 ## - FORMATTED CONTENTS NOTE | |
| Formatted contents note | Fundamental Concepts (Page-3), Combinational Circuits (Page-65), Sequential Circuits (Page-120), Asynchronous Sequential Circuits (Page-195), Structurally Simple Realizations of Sequential Machines (Page-286), Modulator Logic Design (Page-379), Physical Design Problems (Page-437), Mathematical Models and Magnetic Bubble Logic (Page-532). |
| 650 #0 - SUBJECT ADDED ENTRY--TOPICAL TERM | |
| Topical term or geographic name entry element | Telecommunications Engineering. |
| 9 (RLIN) | 58485 |
| 700 1# - ADDED ENTRY--PERSONAL NAME | |
| Personal name | Menon, Premachandran R. |
| 9 (RLIN) | 104194 |
| 942 ## - ADDED ENTRY ELEMENTS (KOHA) | |
| Source of classification or shelving scheme | |
| Koha item type | Book |
| Withdrawn status | Lost status | Source of classification or shelving scheme | Damaged status | Not for loan | Permanent Location | Current Location | Shelving location | Date acquired | Full call number | Barcode | Date last seen | Price effective from | Koha item type | Public note |
|---|---|---|---|---|---|---|---|---|---|---|---|---|---|---|
| Military College of Signals (MCS) | Military College of Signals (MCS) | General Stacks | 12/12/2016 | 621.381537,FRI | MCS7395 | 12/08/2016 | 12/12/2016 | Book | Almirah No.35, Shelf No.5 |
